Oxford A-Z of grammar and punctuation / (Record no. 32464)

MARC details
000 -LEADER
fixed length control field 03139nam a2200397 a 4500
005 - DATE AND TIME OF LATEST TRANSACTION
control field 20091210152840.0
008 - FIXED-LENGTH DATA ELEMENTS--GENERAL INFORMATION
fixed length control field 090804s2009 nyu d 000 0 eng
010 ## - LCCN (DPL NO)
LC control number B-370142-153
020 ## - INTERNATIONAL STANDARD BOOK NUMBER
International Standard Book Number 9780198064640
Terms of availability 298.75
035 ## - SYSTEM CONTROL NUMBER
System control number B-370142-153
037 ## - SOURCE OF ACQUISITION
Source of stock number/acquisition Impulse
040 ## - CATALOGING SOURCE
Original cataloging agency dpl
Language of cataloging English
082 ## - DEWEY DECIMAL CLASSIFICATION NUMBER
Classification number 485
100 ## - MAIN ENTRY--PERSONAL NAME
Personal name Seely, John
245 ## - TITLE STATEMENT
Title Oxford A-Z of grammar and punctuation /
Statement of responsibility, etc by John Seely
260 ## - PUBLICATION, DISTRIBUTION, ETC. (IMPRINT)
Place of publication, distribution, etc New Delhi
Name of publisher, distributor, etc Oxford University Press
Date of publication, distribution, etc 2010(repr.)
270 ## - ADDRESS
Address YMCA Library Building, Jai Singh Road,
City New Delhi
Postal code 110001
300 ## - PHYSICAL DESCRIPTION
Extent xvii, 148 p.
Dimensions 18 cm(Hb)
500 ## - GENERAL NOTE
General note This book is published in 4 vol. and set price is 1195.00
650 ## - SUBJECT ADDED ENTRY--TOPICAL TERM
Topical term or geographic name as entry element English language
General subdivision Grammar
Form subdivision Dictionaries.
650 ## - SUBJECT ADDED ENTRY--TOPICAL TERM
Topical term or geographic name as entry element English language
General subdivision Punctuation
Form subdivision Dictionaries.
942 ## - ADDED ENTRY ELEMENTS (KOHA)
Source of classification or shelving scheme Dewey Decimal Classification
Item type Children Books
Classification part 485
Call number suffix SEE
Holdings
Withdrawn status Lost status Source of classification or shelving scheme Damaged status Not for loan Collection code Home library Current library Date acquired Source of acquisition Cost, normal purchase price Total Checkouts Full call number Barcode Date last seen Copy number Cost, replacement price Koha item type
    Dewey Decimal Classification   Not For Loan Non-fiction Andrews Gunj Andrews Gunj 22/05/2010 Impulse/CS 2478/4.4.10/162/27.1.10/4.2.10 298.75   485 SEE B-370147 22/05/2010 1 298.75 Reference Books
    Dewey Decimal Classification   Not For Loan Non-fiction Bawana Bawana 22/05/2010 Impulse/CS 2478/4.4.10/162/27.1.10/4.2.10 298.75   485 SEE B-370152 22/05/2010 1 298.75 Reference Books
    Dewey Decimal Classification   Not For Loan Non-fiction Central Library Central Library 22/05/2010 Impulse/CS 2478/4.4.10/162/27.1.10/4.2.10 298.75   485 SEE B-370142 22/05/2010 1 298.75 Reference Books
    Dewey Decimal Classification   Not For Loan Non-fiction Janak Puri Janak Puri 22/05/2010 Impulse/CS 2478/4.4.10/162/27.1.10/4.2.10 298.75   485 SEE B-370144 29/06/2018 1 298.75 Reference Books
    Dewey Decimal Classification   Not For Loan Non-fiction Karol Bagh Karol Bagh 22/05/2010 Impulse/CS 2478/4.4.10/162/27.1.10/4.2.10 298.75   485 SEE B-370150 22/05/2010 1 298.75 Reference Books
  Written-off vide DLB M. No. 383 dt 16.05.19 Dewey Decimal Classification   Not For Loan Non-fiction Narela Narela 22/05/2010 Impulse/CS 2478/4.4.10/162/27.1.10/4.2.10 298.75   485 SEE B-370151 22/05/2010 1 298.75 Reference Books
  Written-off vide DLB M. No. 383 dt 16.05.19 Dewey Decimal Classification   Not For Loan Non-fiction Patel Nagar Patel Nagar 22/05/2010 Impulse/CS 2478/4.4.10/162/27.1.10/4.2.10 298.75   485 SEE B-370143 22/05/2010 1 298.75 Reference Books
  Written-off vide DLB M. No. 383 dt 16.05.19 Dewey Decimal Classification   Not For Loan Non-fiction R.K.Puram-8 R.K.Puram-8 22/05/2010 Impulse/CS 2478/4.4.10/162/27.1.10/4.2.10 298.75   485 SEE B-370146 22/05/2010 1 298.75 Reference Books
    Dewey Decimal Classification   Not For Loan Non-fiction Sarojini Nagar Sarojini Nagar 22/05/2010 Impulse/CS 2478/4.4.10/162/27.1.10/4.2.10 298.75   485 SEE B-370145 22/05/2010 1 298.75 Reference Books
  Written-off vide DLB M. No. 383 dt 16.05.19 Dewey Decimal Classification   Not For Loan Non-fiction Shahdara Branch Shahdara Branch 22/05/2010 Impulse/CS 2478/4.4.10/162/27.1.10/4.2.10 298.75   485 SEE B-370153 22/05/2010 1 298.75 Reference Books
  Written-off vide DLB M. No. 383 dt 16.05.19 Dewey Decimal Classification   Not For Loan Non-fiction Sriniwas Puri Sriniwas Puri 22/05/2010 Impulse/CS 2478/4.4.10/162/27.1.10/4.2.10 298.75   485 SEE B-370148 22/05/2010 1 298.75 Reference Books
  Written-off vide DLB M. No. 383 dt 16.05.19 Dewey Decimal Classification   Not For Loan Non-fiction Vinoba Puri Vinoba Puri 22/05/2010 Impulse/CS 2478/4.4.10/162/27.1.10/4.2.10 298.75   485 SEE B-370149 22/05/2010 1 298.75 Reference Books

© Delhi Public Library
Hit Counter
free hit counter